Za vôňou dreva

Bibliographic Details
Main Author: Poliaková, Blanka, 1936-2023 (Author)
Format: Article
Language:Slovak
PhysicalDescription:Obr. 5.
Subjects:

MARC

LEADER 00000nab a2200000 a 4500
001 vtls000018271
003 SK-MaSNL
005 20260304024211.0
008 111103c1979 xo 0 slo
015 |a SNBRB19rr/mm-uuuuu 
035 |a CL0028365 
040 |a SNKBUCL  |b slo  |c SNKBUCL  |e AACR2 
041 0 |a slo 
044 |a xo  |c SK 
080 |a 684  |2 1981 
100 1 |a Poliaková, Blanka,  |d 1936-2023  |4 aut  |9 229124 
245 1 0 |a Za vôňou dreva  |c Blanka Poliaková 
300 |b Obr. 5. 
650 0 7 |a nábytkársky priemysel  |2 snkbucl  |9 72681 
650 0 7 |a Západoslovenské nábytkárske závody, n.p., Bratislava  |2 snkbucl  |9 1012916 
651 7 |a 5100  |2 snkbucl  |9 166206 
655 7 |a články z novín a časopisov  |2 snkbucl  |9 267496 
773 0 |t Slovenka  |g Roč. 31, č. 1 (5. 1. 1979), s. 8-9 
850 |a Slovenská národná knižnica v Martine  |a MTA001 
852 |a SNK  |b KIS3GCP 
958 |a RK 
992 |a RBX 
999 |c 2620522  |d 2622452